000 00345pab a2200145 454500
008 180718b1988 xxu||||| |||| 00| 0 eng d
100 _aChakraborty, D.
245 _aA look at the consumer price index
260 _c1988
300 _a187-8
362 _aMar.
650 _aPrices - India
773 _aManagement Accountant
909 _a16108
999 _c16108
_d16108